Statistics for Assassins Creed Playable Characters

Click here to take the quiz!

General Stats

  • This quiz has been taken 1,641 times
    (998 since last reset)
  • The average score is 10 of 22

Answer Stats

GameCharacterAge(s)% Correct
Assassin's Creed II/Brotherhood/RevelationsEzio Auditore da Firenze0-54
84%
Assassin's Creed IV: Black FlagCpt. Edward J. Kenway of the Jackdaw18-29
79%
Assassin's Creed III/The Tyranny of King WashingtonCpt. Connor Kenway of the Aquila/Ratonhnhaké:ton4-27
76%
Assassin's Creed: OriginsBayek of Siwa36-47
68%
Assassin's Creed: OdysseyKassandra of Sparta5-2476
68%
Assassin's Creed: OdysseyAlexios of Sparta5-2476
66%
Assassin's Creed: ValhallaEivor of Fornburgunknown
63%
Assassin's Creed: SyndicateSir Jacob Frye of the Royal Garter21-41
61%
Assassin's Creed: UnityArno V. Dorian8-42
58%
Assassin's Creed: SyndicateDame Evelyn 'Evie' Frye of the Royal Garter21-41
58%
Assassin's Creed: RogueCpt. Shay P. Cormac of the Morrigan20-45
53%
Assassin's Creed IIIHaytham E. Kenway30
53%
Assassin's Creed/Assassin's Creed II/Assassin's Creed: RevelationsAltaïr Ibn-La'Ahad24-92
48%
Assassin's Creed IV: Freedom CryCpt. Adéwalé of the Experto Crede43
45%
Assassin's Creed: OriginsAya of Alexandria45
43%
Assassin's Creed: LiberationMlle. Aveline de Grandpré18-41
27%
Assassin's Creed: OdysseyKing Leonidas of Sparta60
24%
Assassin's Creed Chronicles: ChinaShao Jun21-62
20%
Assassin's Creed: SyndicateLydia Frye23
14%
Assassin's Creed Chronicles: IndiaArbaaz Mir20-22
11%
Assassin's Creed Chronicles: RussiaNikolai Orelov48+
10%
Assassin's Creed: UnityThomas de Carnellion41
2%

Score Distribution

Percentile by Number Answered

Percent of People with Each Score

Your Score History

You have not taken this quiz since the last reset